| 000 | 00643nam a2200181 i 4500 | ||
|---|---|---|---|
| 001 | 100921 | ||
| 003 | ES-MaACL | ||
| 007 | t| | ||
| 008 | 051006s1954 sp ||||1| spa d | ||
| 100 | 1 |
_aMatthiessen, Hermann. _979146 |
|
| 245 | 1 | 0 |
_aBombas _b: manual para las Escuelas de Ingenieros / _cMatthiessen-Fuchlocher; versión española por Martín Kraemer Morata. |
| 250 |
_a8ª ed. alemana _bampliada por Eugen Fuchlocher. |
||
| 260 |
_aBarcelona : _bLabor, _c1954. |
||
| 300 |
_aVIII, 211 p. : _bil. ; _c23 cm. |
||
| 700 | 1 |
_aFuchslocher, Eugen. _952815 |
|
| 700 | 1 |
_aMorata Kraemer, Martín. _983151 |
|
| 852 |
_aES-MaACL _jC-6399 _bR.35798 |
||
| 999 |
_c100921 _d100921 |
||